Fast typing - "Chanukah Lights Tonight" - Statistics

General Stats
  • This quiz has been taken 9 times
  • The average score is 4 of 9
Answer Stats
Hint Answer % Correct
Friends arrive from nearby towns and dance the twist to “Chanukah Lights Tonight,” spin like a dreidel to a klezmer hit. Friends arrive from nearby towns and dance the twist to “Chanukah Lights Tonight,” spin like a dreidel to a klezmer hit.
100%
Our annual prairie Chanukah party—latkes, kugel, cherry blintzes. Our annual prairie Chanukah party—latkes, kugel, cherry blintzes.
100%
Outside, ponderosa pines are tied in red bows. Outside, ponderosa pines are tied in red bows.
80%
The candles flicker in the window. The candles flicker in the window.
80%
The smell of oil is in the air. The smell of oil is in the air.
40%
If you squint, the neighbors’ Christmas lights look like the Omaha skyline. If you squint, the neighbors’ Christmas lights look like the Omaha skyline.
20%
Inside, we try to sweep the darkness out, waiting for the Messiah to knock, wanting to know if he can join the party. Inside, we try to sweep the darkness out, waiting for the Messiah to knock, wanting to know if he can join the party.
0%
No delis in our neighborhood, only the wind howling over the crushed corn stalks. No delis in our neighborhood, only the wind howling over the crushed corn stalks.
0%
We drift off to childhood where we spent our gelt on baseball cards and matinees, cream sodas and potato knishes. We drift off to childhood where we spent our gelt on baseball cards and matinees, cream sodas and potato knishes.
0%
No matching quizzes found
Score Distribution
Percent of People with Each Score
Percentile by Number Answered
Your Score History
You have not taken this quiz